| 000 | 00806cab a2200253 4500 | ||
|---|---|---|---|
| 001 | WB3327-08 | ||
| 008 | 090401t1997 xxu||||| |||| 00| 0 eng d | ||
| 035 | _a(Sirsi) u79553 | ||
| 041 | _aeng | ||
| 245 | _aLow cost of filling empty space | ||
| 260 | _c1997 | ||
| 350 | _a0 | ||
| 490 |
_aBirmingham Post Business Review _v10 July 1997, 24(3) |
||
| 520 | _aOver half of office space in Birmingham is secondhand and in need of repair. Landlords spending just £10 per sqft could improve chances of letting. | ||
| 650 | _aBIRMINGHAM | ||
| 650 | _aFEASIBILITY | ||
| 650 | _aOFFICE SPACE | ||
| 650 |
_aRefurbishment _96264 |
||
| 650 | _aSECONDHAND MARKET | ||
| 650 | _aSECONDHAND SPACE | ||
| 690 | _aPROPERTY-COMMERCIAL PROPERTY-COMMERCIAL PROPERTY MARKET | ||
| 942 | _n0 | ||
| 948 | _c10/07/1997 | ||
| 999 |
_c50020 _d50020 |
||